000
00312nam a2200133Ia 4500
008
191201s2005 xx 000 0 und d
082
_a
502.8
_b
DRH
100
_a
DROMEY, R G
245
0
_a
How to Solve it By Computer
260
_a
N.Delhi
_b
PHI
_c
2005
300
_a
442
650
_a
B.Tech(CSE)
942
_2
ddc
_c
BK
999
_c
1325
_d
1325